| 000 | 01181nam a2200217Ia 4500 | ||
|---|---|---|---|
| 003 | Ost | ||
| 005 | 20260507075023.0 | ||
| 008 | 260507s9999||||xx |||||||||||||| ||und|| | ||
| 040 | _cfsecg | ||
| 041 | _aara | ||
| 082 | _a330 | ||
| 100 |
_aالعريني، محمد فريد _eمؤلف |
||
| 245 | 0 |
_aالشركات التجارية : _bالنظرية العامة للشركات-شركة التضامن- شركة التوصية البسيطة / _c محمد فريد العريني |
|
| 260 |
_aالاسكندرية: _bدار المطبوعات الجامعية, _c2002 |
||
| 300 |
_a730 صفحة؛ _bإيضاحات ؛ _c24 سم |
||
| 520 | _aفي الشركة كعقد- في الشركة كشخص معنوي- في حل الشركة وإنقضائها- في تصفية الشركات وقسمتها-في شركات الأشخاص ، في شركات التضامن -في شركة التوصية البسيطة- في شركات المساهمة- في شركة الأموال- شركة التوصية بالأسهم- شركات ذات المسؤولية المحدودة | ||
| 653 | _aالتجارة | ||
| 653 | _aالشركات | ||
| 653 | _aالعقود | ||
| 942 | _cكتاب | ||
| 999 |
_c42299 _d42299 |
||